| 000 | 01165nam2a22002531 4500 | ||
|---|---|---|---|
| 001 | RU\NLR\INFOCOMM4\1000553222 | ||
| 005 | 20250617060044.0 | ||
| 035 | _a(NLR Aleph) 002505787 | ||
| 090 |
_a2634301 _c2634301 |
||
| 100 | _a20040420d1980 |||y0rusy50 ca | ||
| 101 | 0 | _arus | |
| 102 | _aRU | ||
| 105 | _ay ||||||||| | ||
| 200 | 1 |
_aХимико-биологическая мелиорация заболоченных лесных площадей и болот _fЛ. Я. Смоляницкий |
|
| 210 |
_d1980 _aБ. м. |
||
| 461 | 0 |
_1001RU\NLR\INFOCOMM4\1000553216 _12001#$aЛесоразведение и лесомелиорация$eОбзор. информ.$fГос. Ком. СССР по лес. хоз-ву. ЦБНТИ$v1980, Вып.3 _92634250 _cМ. _d1979-1988 _fГос. Ком. СССР по лес. хоз-ву. ЦБНТИ _oОбзор. информ. _tЛесоразведение и лесомелиорация _x0130-9129 _v1980, Вып.3 |
|
| 700 | 1 |
_aСмоляницкий _bЛ. Я. _4070 |
|
| 801 | 1 |
_aRU _bInfoComm _c20040420 |
|
| 801 | 0 |
_aRU _bNLR _gPSBO |
|
| 852 |
_aNLR _jП13/1600 |
||
| 942 | _cISSUE | ||
| 980 | _aNB | ||
| 980 | _aRUSPER | ||